000 00379nam a2200145Ia 4500
008 090124s9999 xx 000 0 und d
082 _b401743
245 _a आलम आरा
250 _a1
260 _bचौधरी तारा रामकृष्ण
_c1984
300 _a148
630 _a आलम आरा
730 _a आलम आरा
942 _cBOOK
999 _c198127
_d198127